Možnosti spracovania pozičných údajov pri sledovaní procesov triedy DEDS

Uložené v:
Podrobná bibliografia
Hlavný autor: Kovár, Juraj (Autor)
Ďalší autori: Hantuch, Igor, 1948- (Vedúci práce)
Médium: Rukopis Kniha
Jazyk:Slovak
Vydavateľské údaje: Bratislava : STU v Bratislave FEI, 2001
Predmet:
Tagy: Pridať tag
Žiadne tagy, Buďte prvý, kto otaguje tento záznam!

MARC

LEADER 00000ntm a22000003a 4500
001 stu73455
005 20160719164804.1
008 020130s2001------------------------slo-d
040 |a STU  |b slo 
041 0 |a slo 
100 1 |a Kovár, Juraj  |4 aut 
245 1 |a Možnosti spracovania pozičných údajov pri sledovaní procesov triedy DEDS 
260 |a Bratislava :  |b STU v Bratislave FEI,  |c 2001 
300 |a 64 s 
650 7 |a automatizácia  |2 stusub 
700 1 |a Hantuch, Igor,  |d 1948-  |4 ths  |u E1110  |U FEI Ústav robotiky a kybernetiky  |T FEI Automatizácia a regulácia  |X 4943  |U E1110  |Y 57  |7 A000004943